Medaillenspiegel der Olympischen Winterspiele 2018 - Statistiken

Allgemein
  • Dieses Quiz wurde 283 mal gespielt
  • Das Durchschnittsergebnis liegt bei 9 aus 10
Antwortstatistiken
Gold Silber Bronze Gesamt Länder % Korrekt
14 10 7 31 Deutschland
99%
14 14 11 39 Norwegen
95%
9 8 6 23 Vereinigte Staaten
95%
5 3 6 14 Österreich
91%
7 6 1 14 Schweden
91%
11 8 10 29 Kanada
89%
5 6 4 15 Schweiz
88%
5 4 6 15 Frankreich
86%
8 6 6 20 Niederlande
64%
5 8 4 17 Südkorea
60%
Keine übereinstimmenden Quizze gefunden
Verteilung der Resultate
Anzahl Personen mit jedem Resultat
Perzentil nach korrekt beantworteten Fragen
Ihre Resultats-Entwicklung
Sie haben dieses Quiz noch nicht gespielt